000
00277nam a2200109 a 4500
008
111128s2004|||| d
100
1
_a
Nater,S.-Nater,R.-Nater,Z.
245
1
0
_a
Cerliew i jej misterium
260
_b
Handel-Uslugi
_a
Lesko
_c
2004
020
_c
300
044
_a
xo
_c
SK
999
_c
19896
_d
19896